000 00546nam a2200205Ia 4500
005 20250505145705.0
008 008 250505s9999 xx 000 0 eng d
037 _aTextbook
040 _aFML
_bhin
_cFML
041 _ahin
_2hin
084 _aNR4437 R1
_qFML
100 _aDiwedi, Himanshu
_9754216
245 0 _aEkadas Natya sangrah
260 _aChandigarh
_bArun Publication
_c2021
300 _a288p
365 _aINR
_b495
650 _aMusic
942 _cTB
_hNR4437 R1
999 _c1311436
_d1311436